[Event "World Blitz 2025"]
[Site "Doha QAT"]
[Date "2025.12.29"]
[Round "3.35"]
[White "Matlakov, Maxim"]
[Black "Raja, Rithvik R"]
[Result "1/2-1/2"]
[WhiteTitle "GM"]
[BlackTitle "GM"]
[WhiteElo "2606"]
[BlackElo "2541"]
[WhiteFideId "4168003"]
[BlackFideId "35007394"]
[EventDate "2025.12.29"]

1. d4 Nf6 2. c4 e6 3. Nf3 d5 4. g3 dxc4 5. Bg2 a6 6. O-O Nc6 7. Qc2 b5 8. Ne5
Nxe5 9. dxe5 Nd5 10. Rd1 Bd7 11. Nc3 c6 12. Ne4 Qc7 13. b3 cxb3 14. axb3 Be7 15.
Nd6+ Bxd6 16. exd6 Qxd6 17. Bb2 O-O 18. e4 Rfc8 19. Qd2 f6 20. exd5 cxd5 21.
Rac1 Rxc1 22. Rxc1 a5 23. Ra1 a4 24. bxa4 Rxa4 25. Rc1 Rc4 26. Ra1 Ra4 27. Rc1
Rc4 28. Bf1 Rxc1 29. Qxc1 d4 30. Qc2 Bc6 31. Bg2 Bxg2 32. Kxg2 Qd5+ 33. Kg1 e5
34. h4 Qc4 35. Qe4 h6 36. h5 Qb4 37. Qa8+ Kf7 38. Qd5+ Kf8 39. Qd8+ Kf7 40. Qd7+
Kg8 41. Qe8+ Kh7 42. Qg6+ Kh8 43. Qe8+ Kh7 44. Qg6+ Kh8 45. Qe8+ 1/2-1/2

[Event "World Blitz 2025"]
[Site "Doha QAT"]
[Date "2025.12.29"]
[Round "3.36"]
[White "Petrov, Nikita"]
[Black "Orozbaev, Eldiyar"]
[Result "1-0"]
[WhiteTitle "GM"]
[BlackTitle "IM"]
[WhiteElo "2578"]
[BlackElo "2348"]
[WhiteFideId "4101286"]
[BlackFideId "13802240"]
[EventDate "2025.12.29"]

1. d4 d5 2. c4 c6 3. Nf3 Nf6 4. e3 Bf5 5. Bd3 Bxd3 6. Qxd3 e6 7. O-O Nbd7 8. Nc3
Bb4 9. Bd2 Bxc3 10. Bxc3 O-O 11. Rfd1 Ne4 12. Be1 f5 13. a4 g5 14. a5 a6 15. b4
g4 16. Nd2 Ndf6 17. Nb3 h5 18. Nc5 Qe7 19. f3 gxf3 20. gxf3 Kh7 21. fxe4 fxe4
22. Qe2 Ng4 23. Bg3 Rf3 24. Rf1 Rxe3 25. Qg2 Rg8 26. Kh1 Nh6 27. Qh3 Rg6 28.
Qxh5 Qg7 29. Be5 Rg5 30. Qh4 Rg4 31. Qf2 Qg5 32. Bf4 Rxf4 33. Qxf4 Qxf4 34. Rxf4
Nf5 35. Nxe6 Kg6 36. Rg1+ Kf6 37. Ng7 1-0

[Event "World Blitz 2025"]
[Site "Doha QAT"]
[Date "2025.12.29"]
[Round "3.37"]
[White "Dau Khuong Duy"]
[Black "Vokhidov, Shamsiddin"]
[Result "1-0"]
[WhiteTitle "IM"]
[BlackTitle "GM"]
[WhiteElo "2489"]
[BlackElo "2641"]
[WhiteFideId "12424722"]
[BlackFideId "14204223"]
[EventDate "2025.12.29"]

1. e4 c5 2. Nf3 e6 3. d4 cxd4 4. Nxd4 Nc6 5. Bf4 d6 6. Bb5 Bd7 7. Nxc6 bxc6 8.
Bd3 Rb8 9. O-O Nf6 10. Nd2 e5 11. Bg3 Be7 12. Kh1 O-O 13. f4 exf4 14. Bxf4 Bg4
15. Qe1 Be6 16. e5 Nd5 17. exd6 Bxd6 18. Bxd6 Qxd6 19. Ne4 Qe7 20. c4 Nb4 21.
Nf6+ gxf6 22. Bxh7+ Kxh7 23. Qh4+ Kg7 24. Qg3+ Kh7 25. Qh4+ Kg7 26. Rf3 Bf5 27.
Rxf5 Rg8 28. Qg3+ Kh6 29. Qf4+ Kg7 30. Rh5 Kf8 31. Qxb8+ Kg7 32. Qf4 Kf8 33. h3
Nd3 34. Qf3 Ne5 35. Qf2 Nxc4 36. Re1 Ne5 37. Rd1 c5 38. Qf4 Rg6 39. Rh8+ Kg7 40.
Rdd8 f5 41. Rhg8+ Kf6 42. Qh4+ Ke6 43. Rge8 1-0

[Event "World Blitz 2025"]
[Site "Doha QAT"]
[Date "2025.12.29"]
[Round "3.38"]
[White "Uskov, Artem"]
[Black "Isanzhulov, Arystan"]
[Result "0-1"]
[WhiteTitle "GM"]
[BlackTitle "IM"]
[WhiteElo "2516"]
[BlackElo "2419"]
[WhiteFideId "34254854"]
[BlackFideId "13711644"]
[EventDate "2025.12.29"]

1. e4 c6 2. d4 d5 3. e5 Qb6 4. c3 Bf5 5. Nd2 e6 6. g4 Bg6 7. Ne2 c5 8. h4 Nc6 9.
h5 Bd3 10. Nb3 Bxe2 11. Bxe2 cxd4 12. cxd4 f6 13. f4 Nh6 14. Be3 fxe5 15. fxe5
Bb4+ 16. Bd2 O-O 17. Bc3 Nf7 18. Qd2 Be7 19. Bd3 Kh8 20. Qe2 Rac8 21. Rf1 a5 22.
Bb1 a4 23. Qd3 Ng5 24. Rxf8+ Rxf8 25. Nd2 Nxe5 26. Qe2 Nc6 27. Kd1 Nxd4 28. Qe3
e5 29. Qxe5 Bf6 30. Qe3 a3 31. bxa3 Qa7 32. Bf5 Qa4+ 33. Kc1 Nxf5 34. gxf5 d4
35. Bxd4 Bxd4 36. Qe7 Rc8+ 37. Nc4 Qxc4+ 0-1

[Event "World Blitz 2025"]
[Site "Doha QAT"]
[Date "2025.12.29"]
[Round "3.39"]
[White "Mamedov, Edgar"]
[Black "Pranesh, M"]
[Result "1/2-1/2"]
[WhiteTitle "GM"]
[BlackTitle "GM"]
[WhiteElo "2492"]
[BlackElo "2627"]
[WhiteFideId "13739980"]
[BlackFideId "35028600"]
[EventDate "2025.12.29"]

1. d4 d5 2. c4 dxc4 3. Nf3 Nf6 4. e3 Bg4 5. Bxc4 e6 6. O-O Nc6 7. Be2 Bd6 8.
Nbd2 O-O 9. b3 Nd5 10. Bb2 f5 11. Nc4 Qf6 12. Nfe5 Bxe2 13. Qxe2 Bxe5 14. dxe5
Qg6 15. f4 Rad8 16. a3 Rd7 17. b4 a6 18. Nd2 Rfd8 19. Nb3 b6 20. Rad1 h5 21. Rc1
Nce7 22. Nd4 h4 23. Qf3 b5 24. Kh1 Nb6 25. Rc2 Nc4 26. Bc1 Nd5 27. Nc6 Re8 28.
a4 Ne7 29. Nd4 c6 30. Rg1 Nd5 31. g4 hxg3 32. Rxg3 Qf7 33. Rcg2 Nxb4 34. Rg5 c5
35. Rh5 cxd4 36. Qh3 Qxh5 37. Qxh5 Ree7 38. e4 fxe4 39. f5 e3 40. f6 Rf7 41.
Rxg7+ Rxg7 42. Qe8+ Kh7 43. Qh5+ Kg8 44. Qe8+ Kh7 1/2-1/2

[Event "World Blitz 2025"]
[Site "Doha QAT"]
[Date "2025.12.29"]
[Round "3.40"]
[White "Vachier-Lagrave, Maxime"]
[Black "Ibrahimli, Murad"]
[Result "1-0"]
[WhiteTitle "GM"]
[BlackTitle "IM"]
[WhiteElo "2734"]
[BlackElo "2438"]
[WhiteFideId "623539"]
[BlackFideId "13410229"]
[EventDate "2025.12.29"]

1. e4 e5 2. Nf3 Nc6 3. Bb5 a6 4. Ba4 Nf6 5. O-O Be7 6. Re1 b5 7. Bb3 d6 8. c3
O-O 9. h3 Nb8 10. d4 Nbd7 11. c4 c6 12. Nc3 b4 13. Na4 c5 14. d5 h6 15. Bc2 Nh7
16. b3 Re8 17. Nb2 a5 18. a4 Ndf8 19. Nd3 Ng6 20. Be3 Nh4 21. Nxh4 Bxh4 22. Rf1
Bg5 23. Qd2 Bxe3 24. Qxe3 Qg5 25. f4 exf4 26. Rxf4 Ra7 27. Raf1 Rae7 28. h4 Qh5
29. Qg3 Qg6 30. Qxg6 fxg6 31. e5 dxe5 32. R4f2 Rc7 33. Re1 e4 34. Nf4 Bf5 35. g4
Bxg4 36. Rxe4 Rxe4 37. Bxe4 Nf8 38. Nxg6 Nxg6 39. Bxg6 Rd7 40. Rf1 Rd6 41. h5
Bd7 42. Re1 Kf8 43. Kf2 Rf6+ 44. Kg3 Rd6 45. Re5 Rf6 46. d6 Rxd6 47. Rxc5 Ra6
48. Re5 Be6 49. Rb5 Ke7 50. Kf4 Kf6 51. Be4 Bf7 52. Bf3 g5+ 53. hxg6 Bxg6 54.
Bb7 Ra7 55. Rb6+ Kg7 56. c5 Bf7 57. c6 Be6 58. c7 1-0

[Event "World Blitz 2025"]
[Site "Doha QAT"]
[Date "2025.12.29"]
[Round "3.41"]
[White "Aronian, Levon"]
[Black "Bjerre, Jonas Buhl"]
[Result "1/2-1/2"]
[WhiteTitle "GM"]
[BlackTitle "GM"]
[WhiteElo "2729"]
[BlackElo "2623"]
[WhiteFideId "13300474"]
[BlackFideId "1444948"]
[EventDate "2025.12.29"]

1. e4 e5 2. Nf3 Nc6 3. Be2 Nf6 4. d3 d5 5. Nbd2 Be7 6. O-O O-O 7. c3 a5 8. Re1
d4 9. Nc4 Nd7 10. cxd4 exd4 11. Bf4 Nc5 12. Nce5 Nxe5 13. Bxe5 Ne6 14. Bg3 a4
15. a3 c6 16. Nd2 Bg5 17. e5 Bf4 18. Nc4 f6 19. b4 fxe5 20. Nxe5 Qf6 21. Bf3
Bxg3 22. hxg3 Ng5 23. Ra2 Be6 24. Rae2 Nxf3+ 25. Nxf3 Bg4 26. Re7 Bxf3 27. gxf3
Qxf3 28. Qxf3 Rxf3 29. Rxb7 Kh8 30. Rd1 Raf8 31. Rd2 R3f6 32. Rd7 h5 33. Rxd4
Re8 34. Re4 Rxe4 35. dxe4 Rf3 36. Rc2 Rxa3 37. Rxc6 Rb3 38. Rb6 a3 39. Kg2 a2
40. Ra6 Rxb4 41. f3 Rb2+ 42. Kh3 g5 43. f4 gxf4 44. gxf4 Rb4 45. Rxa2 Rxe4 1/2-1/2

[Event "World Blitz 2025"]
[Site "Doha QAT"]
[Date "2025.12.29"]
[Round "3.42"]
[White "Lodici, Lorenzo"]
[Black "Abdusattorov, Nodirbek"]
[Result "0-1"]
[WhiteTitle "GM"]
[BlackTitle "GM"]
[WhiteElo "2590"]
[BlackElo "2732"]
[WhiteFideId "884189"]
[BlackFideId "14204118"]
[EventDate "2025.12.29"]

1. e4 c5 2. Nc3 e6 3. d4 cxd4 4. Qxd4 Nc6 5. Qe3 Nf6 6. Nf3 d6 7. b3 a6 8. Bb2
Bd7 9. O-O-O Qc7 10. Rg1 b5 11. g4 Ne5 12. Nxe5 dxe5 13. g5 Nh5 14. Bd3 Rc8 15.
Ne2 g6 16. Kb1 Bg7 17. Rc1 O-O 18. c4 Qb7 19. c5 b4 20. Rgd1 a5 21. Bc4 Bc6 22.
f3 a4 23. Rd6 Ra8 24. Rcd1 Rfc8 25. R1d3 axb3 26. axb3 Qa7 27. Kc2 Be8 28. c6
Qxe3 29. Rxe3 Bxc6 30. h4 h6 31. Kb1 hxg5 32. hxg5 Nf4 33. Nxf4 exf4 34. Re2
Bxb2 35. Rxb2 Kf8 36. Rd4 e5 37. Rd6 Ke7 38. Rf6 Be8 39. Rh2 Rc6 40. Rxc6 Bxc6
41. Rh7 Be8 42. Rh2 Rd8 43. Kc2 Bd7 44. Rd2 Rc8 45. Rd5 Be6 46. Rxe5 Kd6 47. Rb5
Bxc4 48. bxc4 Rxc4+ 49. Kd3 Rc3+ 50. Kd4 Rxf3 51. Rxb4 Rg3 52. Rb7 Ke6 53. Rb6+
Ke7 54. Rb5 Rg1 55. Kd3 Rg2 56. Rd5 f6 57. gxf6+ Kxf6 58. Rb5 g5 59. Rf5+ Kg6
60. Rf8 Rg1 61. Kd2 Rg3 62. Re8 Re3 63. Re5 g4 64. Re8 g3 65. Rg8+ Kh5 66. Rf8
Kg4 0-1

[Event "World Blitz 2025"]
[Site "Doha QAT"]
[Date "2025.12.29"]
[Round "3.43"]
[White "Ansat, Aldiyar"]
[Black "Duda, Jan-Krzysztof"]
[Result "0-1"]
[WhiteTitle "IM"]
[BlackTitle "GM"]
[WhiteElo "2479"]
[BlackElo "2729"]
[WhiteFideId "13715658"]
[BlackFideId "1170546"]
[EventDate "2025.12.29"]

1. e4 c6 2. d4 d5 3. Nc3 dxe4 4. Nxe4 Nd7 5. Ng5 Ngf6 6. Bd3 e6 7. N1f3 Bd6 8.
Qe2 h6 9. Ne4 Nxe4 10. Qxe4 Qe7 11. O-O Nf6 12. Qh4 b6 13. b3 Bb7 14. Bb2 O-O-O
15. Ne5 g5 16. Qg3 Nd5 17. Qf3 Bxe5 18. dxe5 c5 19. Be4 Nb4 20. Bxb7+ Qxb7 21.
Qe2 Rd7 22. Rad1 Rhd8 23. Rxd7 Rxd7 24. a3 Nd5 25. Bc1 Ne7 26. Rd1 Qe4 27. Qa6+
Qb7 28. Qxb7+ Rxb7 29. h4 gxh4 30. Bxh6 Nf5 31. Bg5 Rc7 32. Kh2 c4 33. b4 Kb7
34. Kh3 Ka6 35. Bxh4 c3 36. g4 Nxh4 37. Kxh4 Kb5 38. f4 Ka4 39. Ra1 Rd7 40. Kg5
Rd2 41. Ra2 Rf2 42. f5 exf5 43. gxf5 Kb5 44. Kf6 Kc4 45. e6 fxe6 46. Kxe6 Re2+
47. Kf7 Kd5 48. f6 Re1 49. a4 Ke5 50. Ra3 Rf1 51. Rxc3 Rxf6+ 52. Ke7 Rf4 53. Rb3
Rc4 54. c3 Rc7+ 55. Kd8 Rh7 56. Rb1 Kd5 57. Rd1+ Kc4 58. Rc1 a6 59. Kc8 b5 60.
a5 Rg7 61. Kb8 Kb3 62. Kc8 Kb2 63. Rd1 Kxc3 64. Rd6 Kxb4 65. Rxa6 Ka4 66. Kb8 b4
67. Kc8 Rg5 68. Kc7 Rxa5 69. Rb6 b3 70. Rh6 Rc5+ 71. Kd6 Kb4 72. Rh8 b2 73. Rh1
Rc1 74. Kd5 0-1

[Event "World Blitz 2025"]
[Site "Doha QAT"]
[Date "2025.12.29"]
[Round "3.44"]
[White "Andreikin, Dmitry"]
[Black "Jumabayev, Rinat"]
[Result "1-0"]
[WhiteTitle "GM"]
[BlackTitle "GM"]
[WhiteElo "2710"]
[BlackElo "2560"]
[WhiteFideId "4158814"]
[BlackFideId "13702661"]
[EventDate "2025.12.29"]

1. d4 Nf6 2. c4 g6 3. Nc3 Bg7 4. e4 d6 5. h3 e5 6. d5 a5 7. Bd3 Na6 8. Nge2 Nc5
9. Bc2 b6 10. Be3 h5 11. Qd2 Bd7 12. O-O-O Qe7 13. Kb1 h4 14. Bg5 Rh5 15. Be3
Rh8 16. Bg5 Rh5 17. Qc1 Qf8 18. Rhf1 Bh6 19. Be3 Bxe3 20. Qxe3 g5 21. b3 Qh6 22.
f3 Qg7 23. a3 Nh7 24. Kb2 Nf8 25. b4 Nb7 26. Nb5 Kd8 27. Nec3 Ng6 28. Rf2 Nf4
29. Bb3 f6 30. Rc2 Qe7 31. Rdc1 Rh7 32. Na4 axb4 33. axb4 Bxb5 34. cxb5 Rb8 35.
Nxb6 Ke8 1-0

[Event "World Blitz 2025"]
[Site "Doha QAT"]
[Date "2025.12.29"]
[Round "3.45"]
[White "Materia, Marco"]
[Black "Sevian, Samuel"]
[Result "0-1"]
[WhiteTitle "IM"]
[BlackTitle "GM"]
[WhiteElo "2497"]
[BlackElo "2688"]
[WhiteFideId "45150451"]
[BlackFideId "2040506"]
[EventDate "2025.12.29"]

1. d4 Nf6 2. c4 e6 3. Nf3 b6 4. g3 Ba6 5. Qa4 c5 6. Bg2 Bb7 7. dxc5 Bxc5 8. O-O
O-O 9. Nc3 h6 10. Bf4 Nh5 11. Bd2 Be7 12. Rfd1 Bc6 13. Qc2 Na6 14. a3 Rc8 15. b4
Nb8 16. Qb3 d6 17. e4 Nd7 18. Rac1 a6 19. Be3 Nhf6 20. Nd4 Ba8 21. f3 Qc7 22.
Na4 Qb8 23. Nb2 Rfd8 24. Bf2 Ne5 25. Nd3 Ng6 26. Qa4 Bb7 27. Qb3 Nd7 28. Ne2 Ba8
29. a4 a5 30. bxa5 bxa5 31. Qc3 Qc7 32. Nd4 Nde5 33. Nb2 Bf6 34. Nb5 Qe7 35. Bd4
d5 36. exd5 Bxd5 37. Qxa5 Nxf3+ 38. Bxf3 Bxf3 39. Bxf6 Rxd1+ 40. Nxd1 Qxf6 41.
Qc3 Ne5 42. Nb2 Ba8 43. Nd4 Rb8 44. Nd1 Qg6 45. Nf2 Rd8 46. Rd1 Qf6 47. Kf1 Nf3
48. Ne2 Nxh2+ 49. Ke1 Nf3+ 50. Kf1 Qe7 51. Rxd8+ Qxd8 52. c5 Qc7 53. Nd3 Ng5 54.
Qd4 Ne4 55. Ke1 Qa5+ 56. Kf1 Nf6 57. Qc4 Bc6 58. Nd4 Qxa4 59. Qxa4 Bxa4 60. Nb4
Ne8 61. Na6 e5 62. Ne2 Bb5 63. Nb4 Kf8 64. Kf2 Bxe2 65. Kxe2 Nc7 66. Kd3 Ke7 67.
Nc6+ Ke6 68. Kc4 f5 69. Nb4 g5 70. Nd3 h5 71. Nf2 g4 72. Nd3 Kf6 73. c6 Ke6 74.
Kc5 Ne8 75. Nb4 f4 76. gxf4 exf4 77. Nd3 Kf5 78. Kd4 h4 79. Nf2 h3 80. Kd3 h2
81. Nh1 g3 82. Kd4 0-1

[Event "World Blitz 2025"]
[Site "Doha QAT"]
[Date "2025.12.29"]
[Round "3.46"]
[White "Sarana, Alexey"]
[Black "Gurel, Ediz"]
[Result "1/2-1/2"]
[WhiteTitle "GM"]
[BlackTitle "GM"]
[WhiteElo "2673"]
[BlackElo "2645"]
[WhiteFideId "24133795"]
[BlackFideId "44507356"]
[EventDate "2025.12.29"]

1. d4 Nf6 2. c4 e6 3. Nf3 d5 4. Nc3 c6 5. e3 Nbd7 6. Bd3 dxc4 7. Bxc4 b5 8. Bd3
Bb7 9. Qc2 Be7 10. O-O b4 11. Na4 c5 12. Nxc5 Bxc5 13. dxc5 Bxf3 14. gxf3 O-O
15. e4 Nxc5 16. Qxc5 Qxd3 17. Be3 Qe2 18. Kg2 Nxe4 19. fxe4 Qg4+ 20. Kh1 Qf3+
21. Kg1 Qg4+ 1/2-1/2

[Event "World Blitz 2025"]
[Site "Doha QAT"]
[Date "2025.12.29"]
[Round "3.47"]
[White "Erdogmus, Yagiz Kaan"]
[Black "Yu, Yangyi"]
[Result "0-1"]
[WhiteTitle "GM"]
[BlackTitle "GM"]
[WhiteElo "2658"]
[BlackElo "2717"]
[WhiteFideId "44599790"]
[BlackFideId "8603820"]
[EventDate "2025.12.29"]

1. e4 e5 2. Bc4 Nf6 3. d3 Bc5 4. Nc3 c6 5. Bg5 h6 6. Bh4 d6 7. Nge2 Nbd7 8. Bb3
a5 9. a3 Nf8 10. d4 exd4 11. Nxd4 Ng6 12. Bg3 O-O 13. O-O Re8 14. Re1 Bd7 15.
Nf3 Bg4 16. h3 Bh5 17. Qd3 b5 18. Nd4 Ne5 19. Qd2 Qb6 20. Nf5 Rad8 21. Bh4 Ned7
22. Nxh6+ gxh6 23. Qxh6 Bd4 24. Ne2 Bxb2 25. Ng3 Qc5 26. Nf5 Nxe4 27. Qxh5 d5
28. Bxd8 Qxf2+ 29. Kh1 Bxa1 30. Qg4+ Kf8 31. Bh4 0-1

[Event "World Blitz 2025"]
[Site "Doha QAT"]
[Date "2025.12.29"]
[Round "3.48"]
[White "Praggnanandhaa, R"]
[Black "Volokitin, Andrei"]
[Result "1-0"]
[WhiteTitle "GM"]
[BlackTitle "GM"]
[WhiteElo "2761"]
[BlackElo "2619"]
[WhiteFideId "25059530"]
[BlackFideId "14107090"]
[EventDate "2025.12.29"]

1. Nf3 c5 2. g3 Nc6 3. Bg2 g6 4. c4 Bg7 5. Nc3 e5 6. d3 Nge7 7. Bg5 h6 8. Bxe7
Nxe7 9. Nd2 O-O 10. O-O d6 11. Rb1 Rb8 12. Qc2 Nc6 13. a3 Nd4 14. Qc1 b5 15. b4
a5 16. e3 bxc4 17. Nxc4 axb4 18. exd4 exd4 19. Nd5 Bf5 20. Rb3 bxa3 21. Rxa3 Kh8
22. Qc2 Re8 23. Ra7 Be6 24. Rfa1 Qg5 25. Nc7 Re7 26. Nxd6 c4 27. Nxe6 Rxe6 28.
Nxf7+ 1-0

[Event "World Blitz 2025"]
[Site "Doha QAT"]
[Date "2025.12.29"]
[Round "3.49"]
[White "Gavrilescu, David"]
[Black "Giri, Anish"]
[Result "0-1"]
[WhiteTitle "GM"]
[BlackTitle "GM"]
[WhiteElo "2542"]
[BlackElo "2760"]
[WhiteFideId "1227190"]
[BlackFideId "24116068"]
[EventDate "2025.12.29"]

1. e4 c5 2. Nf3 d6 3. Bb5+ Nd7 4. O-O a6 5. Bxd7+ Bxd7 6. c3 e6 7. d4 Rc8 8. Re1
Be7 9. h3 Qc7 10. Bf4 cxd4 11. cxd4 Qc2 12. Nbd2 Qxd1 13. Raxd1 Nf6 14. e5 dxe5
15. dxe5 Nd5 16. Bg3 O-O 17. Ne4 Rc2 18. Rd2 Rfc8 19. Nd6 Rxd2 20. Nxd2 Rc2 21.
Nb3 Rxb2 22. Rc1 Rxa2 23. Nc5 Bc6 24. Ncxb7 Bxb7 25. Nxb7 g5 26. Rc8+ Kg7 27.
Ra8 h5 28. f3 Ra1+ 29. Kh2 Rf1 0-1

[Event "World Blitz 2025"]
[Site "Doha QAT"]
[Date "2025.12.29"]
[Round "3.50"]
[White "Hong, Andrew"]
[Black "Nihal, Sarin"]
[Result "0-1"]
[WhiteTitle "GM"]
[BlackTitle "GM"]
[WhiteElo "2568"]
[BlackElo "2701"]
[WhiteFideId "2099438"]
[BlackFideId "25092340"]
[EventDate "2025.12.29"]

1. e4 e5 2. Nf3 Nc6 3. Bc4 Bc5 4. c3 Nf6 5. d3 h6 6. O-O d6 7. Re1 O-O 8. h3 a6
9. a4 a5 10. Nbd2 Be6 11. Bxe6 fxe6 12. Nf1 Qe8 13. Be3 Bxe3 14. Rxe3 Rd8 15.
Qb3 b6 16. d4 exd4 17. cxd4 d5 18. Ng3 dxe4 19. Nxe4 Nxd4 20. Nxd4 Rxd4 21. Nc3
Nd5 22. Nxd5 Rxd5 23. Rae1 Qf7 24. f3 Re8 25. Qxd5 exd5 26. Rxe8+ Kh7 27. R8e7
Qf4 28. Rd7 Qxa4 29. Ree7 Qd4+ 30. Kh2 Qxb2 31. Rxc7 a4 32. Ra7 b5 33. Reb7 a3
34. Ra6 b4 35. f4 a2 36. Rba7 b3 37. f5 Qe5+ 38. Kg1 b2 39. f6 b1=Q+ 0-1

[Event "World Blitz 2025"]
[Site "Doha QAT"]
[Date "2025.12.29"]
[Round "3.51"]
[White "Jobava, Baadur"]
[Black "Suyarov, Mukhammadzokhid"]
[Result "1-0"]
[WhiteTitle "GM"]
[BlackTitle "IM"]
[WhiteElo "2568"]
[BlackElo "2454"]
[WhiteFideId "13601520"]
[BlackFideId "14210495"]
[EventDate "2025.12.29"]

1. c4 e6 2. d4 d5 3. Nc3 c6 4. cxd5 exd5 5. Bf4 Nf6 6. e3 Bf5 7. Nf3 Qb6 8. Qb3
Qxb3 9. axb3 Nbd7 10. Nd2 h6 11. f3 Bh7 12. g4 a5 13. h4 Bb4 14. Kf2 Nf8 15. Be5
N8d7 16. Bg3 O-O 17. Bh3 g5 18. Bf1 b5 19. Be2 a4 20. bxa4 bxa4 21. hxg5 hxg5
22. Ndb1 Nb6 23. Na3 Rfe8 24. Rh6 Kg7 25. Rah1 Bg6 26. R6h2 Re6 27. Rc1 Rae8 28.
Be5 Nd7 29. f4 Bxc3 30. bxc3 Nxe5 31. dxe5 Ne4+ 32. Ke1 f5 33. c4 d4 34. exd4
gxf4 35. c5 Rb8 36. Nc4 Rb3 37. Nd6 Ng3 38. Bc4 Re3+ 39. Kd2 Re7 40. gxf5 Bxf5
41. Rg1 Bg6 42. Rf2 Re4 43. Kc3 Re3+ 44. Kb4 a3 45. Rxf4 Ra7 46. Ra1 Ne2 47. Rg4
Nc3 48. Nf5+ Kf8 49. Nxe3 1-0

[Event "World Blitz 2025"]
[Site "Doha QAT"]
[Date "2025.12.29"]
[Round "3.52"]
[White "Samunenkov, Ihor"]
[Black "Radjabov, Teimour"]
[Result "0-1"]
[WhiteTitle "GM"]
[BlackTitle "GM"]
[WhiteElo "2584"]
[BlackElo "2692"]
[WhiteFideId "14187086"]
[BlackFideId "13400924"]
[EventDate "2025.12.29"]

1. e4 e5 2. Nf3 Nc6 3. Bb5 a6 4. Ba4 d6 5. O-O Bd7 6. d4 Nf6 7. d5 Nb8 8. Bxd7+
Nbxd7 9. Re1 g6 10. c4 Bg7 11. Nc3 O-O 12. a4 a5 13. Qc2 h6 14. Be3 b6 15. Re2
Nh5 16. g3 Nhf6 17. Rf1 Ng4 18. Bc1 Nc5 19. Nh4 Nf6 20. f3 Nfd7 21. Kh1 Rc8 22.
Be3 h5 23. Bc1 Qe7 24. Rg1 Bf6 25. Ng2 Bg7 26. Nh4 Kh7 27. Nd1 Bf6 28. Ng2 Rh8
29. h4 Kg8 30. Nf2 Nf8 31. Nh3 Qd7 32. Nf2 Qxa4 33. Qxa4 Nxa4 34. Nd3 Nd7 35.
Be3 Kg7 36. Ra1 Nac5 37. Nxc5 dxc5 38. Ne1 Be7 39. Nc2 Bd6 40. Na3 Rcf8 41. Kg2
f5 42. Bd2 Kf7 43. Bc3 Rhg8 44. Rf1 Ke8 45. Bd2 Kd8 46. Nb5 Kc8 47. Bh6 Rf7 48.
Bg5 Rgf8 49. Bh6 Rg8 50. Bg5 Kb7 51. b3 Ra8 52. Ra1 Raf8 53. Bh6 Rg8 54. Bg5 Nf6
55. Rf1 Nh7 56. Bd2 Rgf8 57. Bh6 Rg8 58. Bd2 g5 59. hxg5 Nxg5 60. Rh1 fxe4 61.
fxe4 Rh7 62. Ree1 h4 63. gxh4 Nxe4+ 64. Bg5 Nxg5 65. hxg5 Rxg5+ 66. Kf3 Rf7+ 67.
Ke4 Rf4+ 68. Kd3 Rg3+ 69. Re3 e4+ 70. Ke2 Rg2+ 71. Ke1 Be7 72. d6 Bh4+ 73. Rxh4
Rxh4 74. Kf1 Rd2 75. Ke1 Ra2 0-1

[Event "World Blitz 2025"]
[Site "Doha QAT"]
[Date "2025.12.29"]
[Round "3.53"]
[White "Svane, Rasmus"]
[Black "Vetokhin, Savva"]
[Result "0-1"]
[WhiteTitle "GM"]
[BlackTitle "GM"]
[WhiteElo "2608"]
[BlackElo "2572"]
[WhiteFideId "4657101"]
[BlackFideId "44144474"]
[EventDate "2025.12.29"]

1. Nf3 Nf6 2. g3 d5 3. Bg2 e6 4. O-O Be7 5. c4 O-O 6. b3 c5 7. cxd5 Nxd5 8. Nc3
Nxc3 9. dxc3 Nc6 10. Bf4 Qa5 11. Qc2 Bd7 12. Rfd1 Rfd8 13. Ng5 Bxg5 14. Bxg5 f6
15. Be3 Be8 16. Be4 h6 17. Bf4 Bf7 18. h4 Rac8 19. Qb2 Qb6 20. Be3 Ne5 21. Bf4
Nc6 22. Qc2 Ne7 23. Rxd8+ Rxd8 24. Rd1 Rxd1+ 25. Qxd1 Nd5 26. Bd2 Qc7 27. c4 Ne7
28. Bf4 e5 29. Be3 Be6 30. Qd3 b6 31. Bc1 Qd7 32. Qxd7 Bxd7 33. f3 Bf5 34. Bxf5
Nxf5 35. Kf2 h5 36. e4 Nd4 37. g4 g6 38. Bd2 Kf7 39. Bc1 Ke6 40. gxh5 gxh5 41.
Bh6 f5 42. Bg5 f4 43. Bd8 Nc6 44. Ke2 Nxd8 0-1

[Event "World Blitz 2025"]
[Site "Doha QAT"]
[Date "2025.12.29"]
[Round "3.54"]
[White "Maksimovic, Bojan"]
[Black "Robson, Ray"]
[Result "1-0"]
[WhiteTitle "GM"]
[BlackTitle "GM"]
[WhiteElo "2533"]
[BlackElo "2650"]
[WhiteFideId "14408120"]
[BlackFideId "2023970"]
[EventDate "2025.12.29"]

1. d4 Nf6 2. Bg5 d5 3. Nd2 c5 4. dxc5 Na6 5. Nb3 Nxc5 6. Nxc5 Qa5+ 7. c3 Qxc5 8.
Nf3 Ne4 9. Be3 Qa5 10. g3 e6 11. Bg2 Be7 12. O-O O-O 13. Nd2 Nd6 14. Bf4 Rd8 15.
Qc2 Bd7 16. e4 Ba4 17. b3 Bc6 18. b4 Qb6 19. exd5 Bxd5 20. Bxd5 exd5 21. Bxd6
Qxd6 22. Qd3 d4 23. Ne4 Qe5 24. c4 Bxb4 25. Rab1 Qe7 26. c5 Bxc5 27. Nxc5 Qxc5
28. Rxb7 g6 29. Re1 Re8 30. Rd1 Rad8 31. Rb2 Qc3 32. Rbd2 Qc5 33. Qf3 Rd6 34.
Rd3 Qc4 35. R1d2 Re5 36. Kg2 Kg7 37. h4 h5 38. Qf4 Qc6+ 39. Qf3 Qc5 40. Qf4 Rf5
41. Qe4 Rfd5 42. Qf4 a5 43. Qe4 a4 44. Qf4 Rf5 45. Qe4 Re5 46. Qf4 Red5 47. Qe4
Rd7 48. Qf4 R5d6 49. Qe4 Kf6 50. Qf4+ Kg7 51. Qe4 Qc4 52. Qe5+ Kg8 53. Qe8+ Kh7
54. Qe4 Re6 55. Qf4 Qd5+ 56. Qf3 Re4 57. Kh2 Kg7 58. Kg2 f5 59. Kh2 Kf7 60. Qd1
Kg7 61. f3 Ree7 62. Rxd4 1-0

[Event "World Blitz 2025"]
[Site "Doha QAT"]
[Date "2025.12.29"]
[Round "3.55"]
[White "Dominguez Perez, Leinier"]
[Black "Daneshvar, Bardiya"]
[Result "1/2-1/2"]
[WhiteTitle "GM"]
[BlackTitle "GM"]
[WhiteElo "2738"]
[BlackElo "2600"]
[WhiteFideId "3503240"]
[BlackFideId "12576468"]
[EventDate "2025.12.29"]

1. e4 e5 2. Nf3 Nc6 3. Bc4 Bc5 4. c3 Nf6 5. d3 d6 6. O-O h6 7. Re1 a6 8. a4 O-O
9. h3 Ba7 10. Nbd2 Re8 11. b4 Be6 12. Bxe6 Rxe6 13. Qc2 Qd7 14. Rb1 b5 15. Ra1
Ree8 16. Nf1 Bb6 17. Be3 Bxe3 18. Nxe3 Ne7 19. Ra3 a5 20. axb5 axb4 21. Rxa8
Rxa8 22. cxb4 Ne8 23. Qc4 Rb8 24. d4 Qxb5 25. dxe5 Qxc4 26. Nxc4 Rxb4 27. exd6
Nxd6 28. Nxd6 cxd6 29. Rd1 1/2-1/2